<?xml version="1.0" encoding="UTF-8"?>
<record
    xmlns:xsi="http://www.w3.org/2001/XMLSchema-instance"
    xsi:schemaLocation="http://www.loc.gov/MARC21/slim http://www.loc.gov/standards/marcxml/schema/MARC21slim.xsd"
    xmlns="http://www.loc.gov/MARC21/slim">

  <leader>00901nam a22001937a 4500</leader>
  <controlfield tag="003">BR-ViAPE</controlfield>
  <controlfield tag="005">20260603114026.0</controlfield>
  <controlfield tag="008">260603s1905    por    gs|||| 000 0 por d</controlfield>
  <datafield tag="040" ind1=" " ind2=" ">
    <subfield code="c">BR-ViAPE</subfield>
  </datafield>
  <datafield tag="100" ind1=" " ind2=" ">
    <subfield code="a">Costa, Ver&#xED;ssimo Jos&#xE9; da</subfield>
  </datafield>
  <datafield tag="245" ind1=" " ind2=" ">
    <subfield code="a">Viagens pelos rios naveg&#xE1;veis do estado do Esp&#xED;rito Santo: </subfield>
    <subfield code="b">viagem ao Rio Doce</subfield>
  </datafield>
  <datafield tag="260" ind1=" " ind2=" ">
    <subfield code="a">[Rio de Janeiro?]</subfield>
    <subfield code="b">Revista da Sociedade de Geographia do Rio de Janeiro</subfield>
    <subfield code="c">1905</subfield>
  </datafield>
  <datafield tag="300" ind1=" " ind2=" ">
    <subfield code="a">46 p.</subfield>
    <subfield code="b">Documento digitalizado (PDF)</subfield>
  </datafield>
  <datafield tag="500" ind1=" " ind2=" ">
    <subfield code="a">Documento digitalizado do acervo institucional do Arquivo P&#xFA;blico do Estado do Esp&#xED;rito Santo - APEES.</subfield>
  </datafield>
  <datafield tag="650" ind1=" " ind2=" ">
    <subfield code="a">Hist&#xF3;ria</subfield>
    <subfield code="x">Rio Doce</subfield>
    <subfield code="z">Esp&#xED;rito Santo (Estado)</subfield>
  </datafield>
  <datafield tag="651" ind1=" " ind2=" ">
    <subfield code="a">Esp&#xED;rito Santo (Brasil)</subfield>
  </datafield>
  <datafield tag="856" ind1=" " ind2=" ">
    <subfield code="u">https://ape.es.gov.br/Media/ape/PDF/Livros/Livros_Historicos/Obras_raras/1900_a_1910/APEES_OR_viagens_pelos_rios_1905.pdf</subfield>
    <subfield code="y">CLIQUE AQUI PARA ACESSAR O DOCUMENTO</subfield>
  </datafield>
  <datafield tag="942" ind1=" " ind2=" ">
    <subfield code="2">ddc</subfield>
    <subfield code="c">OBRAS_RARA</subfield>
    <subfield code="n">1</subfield>
  </datafield>
  <datafield tag="999" ind1=" " ind2=" ">
    <subfield code="c">768</subfield>
    <subfield code="d">768</subfield>
  </datafield>
  <datafield tag="952" ind1=" " ind2=" ">
    <subfield code="0">0</subfield>
    <subfield code="2">ddc</subfield>
    <subfield code="4">0</subfield>
    <subfield code="7">0</subfield>
    <subfield code="a">BIB.APEES</subfield>
    <subfield code="b">BIB.APEES</subfield>
    <subfield code="d">2026-06-03</subfield>
    <subfield code="l">0</subfield>
    <subfield code="r">2026-06-03 11:40:41</subfield>
    <subfield code="w">2026-06-03</subfield>
    <subfield code="y">OBRAS_RARA</subfield>
  </datafield>
</record>
